[Event "Stuttgart-chA int"]
[Site "Ditzingen"]
[Date "2018.05.13"]
[Round "7"]
[White "Altimira, Jordi"]
[Black "Ruff, Robert"]
[Result "1-0"]
[WhiteElo "1820"]
[BlackElo "1806"]
[PlyCount "51"]
[EventDate "2018.05.10"]
[EventType "swiss"]
[EventRounds "7"]
[EventCountry "GER"]
[SourceTitle "EXT 2020"]
[Source "ChessBase"]
[SourceDate "2019.10.17"]
[SourceVersion "1"]
[SourceVersionDate "2019.10.17"]
[SourceQuality "1"]

1. e4 e6 2. d4 d5 3. Nc3 Bb4 4. e5 Ne7 5. a3 Bxc3+ 6. bxc3 c5 7. Qg4 Nf5 8. Bd3 h5 9. Qh3 Nc6 10. Bxf5 exf5 11. Qg3 Rg8 12. Ne2 g5 13. h4 Be6 14. Bxg5 Qa5 15. 0-0 Kd7 16. Rfb1 b6 17. Qf3 c4 18. Nf4 Kc7 19. a4 Qa6 20. Nxd5+ Kb8 21. Nf6 Rd8 22. Qxc6 Qa5 23. Nxh5 Bd5 24. Qb5 Qxc3 25. Bxd8 Be4 26. Qd7 1-0

[Event "Wuerttemberg-ch KT"]
[Site "Gruenbach"]
[Date "2014.09.07"]
[Round "9"]
[White "Altimira, Jordi"]
[Black "Novak, Josua"]
[Result "1-0"]
[WhiteElo "1873"]
[BlackElo "1937"]
[PlyCount "77"]
[EventDate "2014.08.30"]
[EventType "swiss"]
[EventRounds "9"]
[EventCountry "GER"]
[SourceTitle "EXT 2017"]
[Source "ChessBase"]
[SourceDate "2016.10.25"]
[SourceVersion "1"]
[SourceVersionDate "2016.10.25"]
[SourceQuality "1"]

1. d4 Nf6 2. c4 c5 3. d5 b5 4. cxb5 a6 5. bxa6 g6 6. Nc3 Bxa6 7. g3 d6 8. Bg2 Bg7 9. Nf3 Nbd7 10. Rb1 Qa5 11. Bd2 0-0 12. 0-0 Rfb8 13. Re1 Ng4 14. Qc2 Nge5 15. Nxe5 Nxe5 16. b3 Ra7 17. Ne4 Qa3 18. Bc1 Qa5 19. Bd2 Qc7 20. Bc3 Rba8 21. f4 Nd7 22. Bxg7 Kxg7 23. Qc3+ Kg8 24. Nf2 Bc8 25. a4 Rb8 26. Ng4 f6 27. Ne3 Rab7 28. Nc2 Nb6 29. Na3 c4 30. Nb5 Qc5+ 31. Qd4 cxb3 32. Qxc5 dxc5 33. d6 Rd7 34. a5 Na4 35. Bc6 Rxb5 36. Bxb5 Nc3 37. Bxd7 Nxb1 38. Bxc8 Nd2 39. d7 1-0

[Event "Wuerttemberg-ch KT"]
[Site "Gruenbach"]
[Date "2014.09.06"]
[Round "8"]
[White "Nusser, Jens"]
[Black "Altimira, Jordi"]
[Result "1-0"]
[WhiteElo "1851"]
[BlackElo "1873"]
[PlyCount "75"]
[EventDate "2014.08.30"]
[EventType "swiss"]
[EventRounds "9"]
[EventCountry "GER"]
[SourceTitle "EXT 2017"]
[Source "ChessBase"]
[SourceDate "2016.10.25"]
[SourceVersion "1"]
[SourceVersionDate "2016.10.25"]
[SourceQuality "1"]

1. d4 Nf6 2. Nf3 d5 3. c4 e6 4. g3 Be7 5. Bg2 0-0 6. 0-0 Nbd7 7. Nbd2 Rb8 8. Qc2 c5 9. Rd1 dxc4 10. Nxc4 b5 11. Nce5 Bb7 12. Bf4 Be4 13. Qd2 Rb7 14. dxc5 Bxc5 15. b4 Bb6 16. Qb2 Rc7 17. Nd3 Rc4 18. Nd2 Bd4 19. Qa3 Rc3 20. Qa6 Bxg2 21. Kxg2 Qa8+ 22. Nf3 Rc6 23. Qxb5 Bxa1 24. Rxa1 Rc2 25. Nc5 Nxc5 26. bxc5 Rc8 27. Bd6 Ne4 28. Qd3 Rc3 29. Qd4 Qd5 30. e3 Rc4 31. Qxd5 exd5 32. Ne5 Nxd6 33. cxd6 Re4 34. d7 Rd8 35. Rc1 Kf8 36. Rc8 Rxe5 37. Rxd8+ Ke7 38. Re8+ 1-0

[Event "Wuerttemberg-ch KT"]
[Site "Gruenbach"]
[Date "2014.09.04"]
[Round "6"]
[White "Wendler, David"]
[Black "Altimira, Jordi"]
[Result "0-1"]
[WhiteElo "1768"]
[BlackElo "1873"]
[PlyCount "142"]
[EventDate "2014.08.30"]
[EventType "swiss"]
[EventRounds "9"]
[EventCountry "GER"]
[SourceTitle "EXT 2017"]
[Source "ChessBase"]
[SourceDate "2016.10.25"]
[SourceVersion "1"]
[SourceVersionDate "2016.10.25"]
[SourceQuality "1"]

1. c4 Nf6 2. g3 e5 3. Nc3 d5 4. cxd5 Nxd5 5. Bg2 Nb6 6. Nf3 Nc6 7. 0-0 Be6 8. d3 Be7 9. Be3 Nd5 10. Bd2 Qd7 11. Rc1 f6 12. Ne4 0-0 13. Nc5 Bxc5 14. Rxc5 b6 15. Rc1 Rad8 16. Qc2 Ndb4 17. Bxb4 Nxb4 18. Qxc7 Nxa2 19. Qxd7 Rxd7 20. Rc2 Nb4 21. Rc3 Na2 22. Rc2 Nb4 23. Rc3 Rfd8 24. Nd2 h6 25. Ra1 f5 26. Nc4 Bxc4 27. Rxc4 a5 28. Rac1 Kf7 29. Rc7 Kf6 30. Rxd7 Rxd7 31. b3 Rd6 32. f4 g5 33. fxe5+ Kxe5 34. Rc8 Re6 35. Kf2 f4 36. gxf4+ Kxf4 37. Rc4+ Ke5 38. Re4+ Kd6 39. Rxe6+ Kxe6 40. Be4 b5 41. d4 a4 42. bxa4 bxa4 43. Kf3 a3 44. Bb1 h5 45. Ke4 a2 46. Bxa2+ Nxa2 47. d5+ Kf6 48. Kd4 g4 49. e4 Nc3 50. e5+ Ke7 51. d6+ Ke6 52. Ke3 Nd5+ 53. Kf2 h4 54. Ke2 Nf4+ 55. Ke3 g3 56. hxg3 h3 57. gxf4 h2 58. f5+ Kd7 59. f6 h1Q 60. f7 Qh3+ 61. Kd4 Qg4+ 62. Kc5 Qf5 63. Kd5 Qxf7+ 64. Kc5 Ke6 65. Kc6 Qd7+ 66. Kc5 Kxe5 67. Kc4 Qxd6 68. Kc3 Ke4 69. Kb2 Qc5 70. Ka2 Qb4 71. Ka1 Kd3 0-1

[Event "Wuerttemberg-ch KT"]
[Site "Gruenbach"]
[Date "2014.09.02"]
[Round "4"]
[White "Walter, Kevin"]
[Black "Altimira, Jordi"]
[Result "1-0"]
[WhiteElo "2056"]
[BlackElo "1873"]
[PlyCount "111"]
[EventDate "2014.08.30"]
[EventType "swiss"]
[EventRounds "9"]
[EventCountry "GER"]
[SourceTitle "EXT 2017"]
[Source "ChessBase"]
[SourceDate "2016.10.25"]
[SourceVersion "1"]
[SourceVersionDate "2016.10.25"]
[SourceQuality "1"]

1. e4 e5 2. Nf3 Nc6 3. Bb5 a6 4. Bxc6 dxc6 5. 0-0 Qf6 6. d4 exd4 7. Bg5 Qd6 8. e5 Qg6 9. Qxd4 Be7 10. Bxe7 Nxe7 11. Nc3 Bh3 12. Nh4 Qg4 13. Qxg4 Bxg4 14. h3 Be6 15. Ne4 b6 16. f4 Nf5 17. Nxf5 Bxf5 18. Rfe1 Rd8 19. Kf2 Ke7 20. c3 Bxe4 21. Rxe4 Rd2+ 22. Re2 Rhd8 23. Rae1 h5 24. g4 hxg4 25. hxg4 g6 26. f5 gxf5 27. gxf5 f6 28. Rxd2 Rxd2+ 29. Ke3 Rxb2 30. e6 Rxa2 31. Rd1 Ra5 32. Rd7+ Ke8 33. Kf4 Ra4+ 34. Ke3 Ra5 35. Kf4 Ra4+ 36. Kf3 Ra5 37. Kg4 Re5 38. Rxc7 a5 39. Rxc6 b5 40. Rc8+ Ke7 41. Rc7+ Ke8 42. Rf7 a4 43. Rxf6 a3 44. Rh6 a2 45. Rh1 Ke7 46. Kg5 Re2 47. Rh7+ Kd6 48. Ra7 Ke5 49. Kg6 Rg2+ 50. Kf7 Kxf5 51. e7 Rh2 52. e8Q Rh7+ 53. Kg8 Rxa7 54. Qxb5+ Ke4 55. Qc4+ Kf3 56. Qd3+ 1-0

[Event "Wuerttemberg-ch KT"]
[Site "Gruenbach"]
[Date "2014.08.31"]
[Round "2"]
[White "Toelg, Wolfgang"]
[Black "Altimira, Jordi"]
[Result "0-1"]
[WhiteElo "1768"]
[BlackElo "1873"]
[PlyCount "118"]
[EventDate "2014.08.30"]
[EventType "swiss"]
[EventRounds "9"]
[EventCountry "GER"]
[SourceTitle "EXT 2017"]
[Source "ChessBase"]
[SourceDate "2016.10.25"]
[SourceVersion "1"]
[SourceVersionDate "2016.10.25"]
[SourceQuality "1"]

1. e4 c5 2. Nf3 d6 3. d4 cxd4 4. Nxd4 Nf6 5. Nc3 a6 6. Nb3 Nc6 7. Be2 e6 8. Bg5 Be7 9. Qd2 Bd7 10. 0-0-0 b5 11. a3 Rc8 12. f4 b4 13. axb4 Nxb4 14. Bf3 Bc6 15. Qd4 a5 16. e5 Bxf3 17. gxf3 Nfd5 18. Bxe7 Kxe7 19. Nxd5+ Nxd5 20. Qa7+ Qc7 21. Qxc7+ Rxc7 22. Nxa5 dxe5 23. fxe5 Rb8 24. Rd3 Nb4 25. Rb3 Rxc2+ 26. Kb1 Rc5 27. Ra3 Rxe5 28. Rc1 Re2 29. Rb3 Kf6 30. Rh1 Na6 31. Rxb8 Nxb8 32. Nc4 Nc6 33. Kc1 Rf2 34. Nd2 Kf5 35. h4 Nd4 36. b4 Nxf3 37. Nxf3 Rxf3 38. Kc2 Ke5 39. b5 Kd6 40. Rb1 Kc7 41. b6+ Kb7 42. Rb4 h5 43. Rb5 g6 44. Rb4 Rf5 45. Kd3 Rd5+ 46. Ke4 f5+ 47. Kf4 e5+ 48. Kg5 Rd6 49. Rb5 e4 50. Kf4 Rxb6 51. Re5 Kc7 52. Rd5 Rd6 53. Rc5+ Kd7 54. Ra5 Ke7 55. Ra7+ Kf6 56. Ra8 Re6 57. Ke3 Rd6 58. Ra5 Rd3+ 59. Ke2 Rh3 0-1

[Event "Stuttgart-chA int"]
[Site "Ditzingen"]
[Date "2014.05.31"]
[Round "6"]
[White "Wohlfahrt, Michael"]
[Black "Altimira, Jordi"]
[Result "1-0"]
[WhiteElo "1834"]
[BlackElo "1866"]
[PlyCount "103"]
[EventDate "2014.05.29"]
[EventType "swiss"]
[EventRounds "7"]
[EventCountry "GER"]
[SourceTitle "EXT 2015"]
[Source "ChessBase"]
[SourceDate "2014.11.20"]
[SourceVersion "1"]
[SourceVersionDate "2014.11.20"]
[SourceQuality "1"]

1. e4 e5 2. Nf3 Nc6 3. Bc4 Bc5 4. c3 Nf6 5. d4 exd4 6. e5 d5 7. Bb5 Ne4 8. cxd4 Bb4+ 9. Bd2 Nxd2 10. Nbxd2 0-0 11. a3 Ba5 12. b4 Bb6 13. Nb3 Ne7 14. 0-0 c6 15. Be2 Ng6 16. a4 Nf4 17. a5 Nxe2+ 18. Qxe2 Bc7 19. Qc2 Bg4 20. Nbd2 a6 21. h3 Bh5 22. Nh2 Bg6 23. Qc3 f6 24. f4 fxe5 25. fxe5 Qe7 26. Nhf3 Rf7 27. Rfe1 Raf8 28. Re3 Bf5 29. Nb3 Bc8 30. Nc5 Bb8 31. Kh2 Rf6 32. Ng1 Rf5 33. Rd1 R8f6 34. Rg3 Rxe5 35. dxe5 Bxe5 36. Re1 d4 37. Qb3+ Kf8 38. Kh1 Qd6 39. Rf3 Bf5 40. Rxe5 Qxe5 41. Rxf5 Qxf5 42. Nf3 Ke7 43. Qg8 Rf7 44. Qb8 Qd5 45. Qxb7+ Kf6 46. Qxa6 Kg6 47. Qxc6+ Qxc6 48. Ne5+ Kh5 49. Nxc6 Rf4 50. a6 Kh4 51. Kh2 g5 52. g3+ 1-0

[Event "Wuerttemberg-ch KT"]
[Site "Bisingen"]
[Date "2013.09.08"]
[Round "9"]
[White "Fuss, Klaus"]
[Black "Altimira, Jordi"]
[Result "1-0"]
[WhiteElo "2077"]
[BlackElo "1872"]
[PlyCount "53"]
[EventDate "2013.08.31"]
[EventType "swiss"]
[EventRounds "9"]
[EventCountry "GER"]
[SourceTitle "EXT 2017"]
[Source "ChessBase"]
[SourceDate "2016.10.25"]
[SourceVersion "1"]
[SourceVersionDate "2016.10.25"]
[SourceQuality "1"]

1. g3 d5 2. Bg2 e5 3. d3 c6 4. Nf3 Bd6 5. Nc3 Nf6 6. e4 0-0 7. 0-0 Bg4 8. Bg5 d4 9. Ne2 h6 10. Bd2 Nbd7 11. h3 Be6 12. Nh4 Nb6 13. Nf5 Bxf5 14. exf5 Qd7 15. g4 Qe7 16. Re1 Nh7 17. Nxd4 Qf6 18. Nf3 Nd5 19. c3 Rad8 20. Qc1 Rfe8 21. Qc2 h5 22. d4 exd4 23. g5 d3 24. Qxd3 Rxe1+ 25. Rxe1 Nf4 26. Bxf4 Bxf4 27. Re8+ 1-0

[Event "Wuerttemberg-ch KT"]
[Site "Bisingen"]
[Date "2013.09.03"]
[Round "4"]
[White "Moedinger, Roland"]
[Black "Altimira, Jordi"]
[Result "1/2-1/2"]
[WhiteElo "2067"]
[BlackElo "1872"]
[PlyCount "52"]
[EventDate "2013.08.31"]
[EventType "swiss"]
[EventRounds "9"]
[EventCountry "GER"]
[SourceTitle "EXT 2017"]
[Source "ChessBase"]
[SourceDate "2016.10.25"]
[SourceVersion "1"]
[SourceVersionDate "2016.10.25"]
[SourceQuality "1"]

1. Nf3 Nf6 2. c4 g6 3. Nc3 Bg7 4. g3 0-0 5. Bg2 d6 6. d4 Nbd7 7. 0-0 e5 8. b3 Re8 9. Re1 c6 10. e4 Qb6 11. Na4 Qc7 12. Bb2 exd4 13. Nxd4 Ne5 14. h3 Nh5 15. Kh2 Nf6 16. f4 Ned7 17. Qd2 Nc5 18. e5 dxe5 19. fxe5 Nfd7 20. Nxc5 Nxc5 21. Nf3 Be6 22. Qe3 Nd7 23. Rad1 a5 24. Ba3 c5 25. Bb2 Rad8 26. Qf4 Nf8 1/2-1/2

[Event "Stuttgart-chA int"]
[Site "Gerlingen"]
[Date "2011.06.04"]
[Round "6"]
[White "Altimira, Jordi"]
[Black "Boyard, Marie"]
[Result "1/2-1/2"]
[WhiteElo "1805"]
[BlackElo "1989"]
[PlyCount "63"]
[EventDate "2011.06.02"]
[EventType "swiss"]
[EventRounds "7"]
[EventCountry "GER"]
[SourceTitle "EXT 2018"]
[Source "ChessBase"]
[SourceDate "2017.10.13"]
[SourceVersion "1"]
[SourceVersionDate "2017.10.13"]
[SourceQuality "1"]

1. e4 g6 2. d4 Bg7 3. Be3 d6 4. Nf3 Nd7 5. c3 Ngf6 6. Bd3 0-0 7. h3 c5 8. Nbd2 Qc7 9. 0-0 e5 10. d5 h6 11. c4 Qd8 12. a3 a5 13. Nb1 Nh7 14. Qd2 g5 15. Nc3 a4 16. Nb5 Nb6 17. Kh2 Qe7 18. b4 axb3 19. Rfb1 f5 20. Qc1 g4 21. Bxh6 gxf3 22. Bxg7 Qxg7 23. gxf3 fxe4 24. Bxe4 Qd7 25. Qh6 Nxc4 26. Rg1+ Kh8 27. Rg3 Rf6 28. Rag1 Qf7 29. Rg8+ Qxg8 30. Rxg8+ Kxg8 31. Qxh7+ Kf8 32. Qh8+ 1/2-1/2

[Event "Stuttgart-chA int"]
[Site "Gerlingen"]
[Date "2011.06.03"]
[Round "3"]
[White "Fischer, Gerd1111"]
[Black "Altimira, Jordi"]
[Result "1/2-1/2"]
[WhiteElo "1950"]
[BlackElo "1805"]
[PlyCount "64"]
[EventDate "2011.06.02"]
[EventType "swiss"]
[EventRounds "7"]
[EventCountry "GER"]
[SourceTitle "EXT 2018"]
[Source "ChessBase"]
[SourceDate "2017.10.13"]
[SourceVersion "1"]
[SourceVersionDate "2017.10.13"]
[SourceQuality "1"]

1. d4 Nf6 2. Nf3 d5 3. Bf4 e6 4. e3 Bd7 5. Be2 c5 6. c3 cxd4 7. exd4 Qb6 8. Qb3 Qxb3 9. axb3 Be7 10. Bxb8 Rxb8 11. Rxa7 0-0 12. 0-0 Rfc8 13. Nbd2 Bd8 14. Rfa1 Be8 15. b4 b5 16. Ne5 Bb6 17. R7a6 Bd8 18. Nb3 Bb6 19. Nc5 g6 20. g3 h5 21. h3 Kg7 22. Bd3 Kh6 23. Kg2 Kg7 24. g4 hxg4 25. hxg4 Bxc5 26. bxc5 b4 27. Ra7 bxc3 28. bxc3 Ne4 29. f3 Rb2+ 30. Kg1 Nxc3 31. Nxg6 Bb5 32. Ne5 Bxd3 1/2-1/2

[Event "Wuerttemberg-ch KT"]
[Site "Stuttgart"]
[Date "2010.09.03"]
[Round "7"]
[White "Rueger, Alexander"]
[Black "Altimira, Jordi"]
[Result "1/2-1/2"]
[WhiteElo "1967"]
[BlackElo "1828"]
[PlyCount "87"]
[EventDate "2010.08.28"]
[EventType "swiss"]
[EventRounds "9"]
[EventCountry "GER"]
[SourceTitle "EXT 2017"]
[Source "ChessBase"]
[SourceDate "2016.10.25"]
[SourceVersion "1"]
[SourceVersionDate "2016.10.25"]
[SourceQuality "1"]

1. e4 c5 2. d4 cxd4 3. c3 dxc3 4. Nxc3 e6 5. Nf3 Qc7 6. Nb5 Qc6 7. Qd4 a6 8. Be3 axb5 9. Rc1 Qxc1+ 10. Bxc1 Nc6 11. Qb6 Bb4+ 12. Nd2 Rxa2 13. Bxb5 Ra1 14. 0-0 Rxc1 15. Rxc1 Bxd2 16. Rd1 Ba5 17. Qe3 Nge7 18. Qg5 0-0 19. h4 Bd8 20. Qg3 d5 21. e5 Ng6 22. f4 Nxh4 23. Qc3 Bd7 24. Qc5 Nb8 25. Kh1 Bc6 26. Bxc6 bxc6 27. Ra1 Nf5 28. Ra8 Be7 29. Qa7 Nd7 30. Rxf8+ Nxf8 31. g4 Ng3+ 32. Kg2 Bh4 33. Kh3 g5 34. fxg5 Ng6 35. Qa8+ Kg7 36. Qxc6 Ne4 37. b4 Bxg5 38. b5 Nxe5 39. Qa6 d4 40. Qa1 Be3 41. b6 Nd7 42. b7 Nec5 43. Qb2 Nb8 44. Kg2 1/2-1/2

[Event "Wuerttemberg-ch KT"]
[Site "Stuttgart"]
[Date "2010.09.01"]
[Round "5"]
[White "Mages, Steffen"]
[Black "Altimira, Jordi"]
[Result "1-0"]
[WhiteElo "1916"]
[BlackElo "1828"]
[PlyCount "91"]
[EventDate "2010.08.28"]
[EventType "swiss"]
[EventRounds "9"]
[EventCountry "GER"]
[SourceTitle "EXT 2017"]
[Source "ChessBase"]
[SourceDate "2016.10.25"]
[SourceVersion "1"]
[SourceVersionDate "2016.10.25"]
[SourceQuality "1"]

1. d4 Nf6 2. c4 e5 3. d5 d6 4. Nc3 c5 5. e4 g6 6. Bd3 Bg7 7. Nge2 0-0 8. 0-0 Na6 9. f4 Ne8 10. fxe5 dxe5 11. Ng3 Nac7 12. Be3 b6 13. Qc2 Nd6 14. Rad1 Ba6 15. b3 Bc8 16. Rf2 Bd7 17. Rdf1 Nce8 18. Qd2 f5 19. exf5 e4 20. Ncxe4 Nxf5 21. Nxf5 Rxf5 22. Rxf5 Bxf5 23. Ng3 Bxd3 24. Qxd3 Nd6 25. Bf4 Qe7 26. Bxd6 Qxd6 27. Qe4 Be5 28. Qf3 Rf8 29. Qxf8+ Qxf8 30. Rxf8+ Kxf8 31. Ne4 Ke7 32. h3 h6 33. Kf2 a6 34. Kf3 g5 35. Kg4 Bg7 36. Kf5 Kd8 37. Ke6 Bf8 38. Nd6 h5 39. Nf7+ Kc7 40. d6+ Bxd6 41. Nxd6 Kc6 42. a4 g4 43. hxg4 hxg4 44. g3 Kc7 45. Nf7 b5 46. a5 1-0

[Event "Wuerttemberg-ch KT"]
[Site "Stuttgart"]
[Date "2010.08.30"]
[Round "3"]
[White "Altimira, Jordi"]
[Black "Gibicar, Marc"]
[Result "0-1"]
[WhiteElo "1828"]
[BlackElo "1958"]
[PlyCount "108"]
[EventDate "2010.08.28"]
[EventType "swiss"]
[EventRounds "9"]
[EventCountry "GER"]
[SourceTitle "EXT 2017"]
[Source "ChessBase"]
[SourceDate "2016.10.25"]
[SourceVersion "1"]
[SourceVersionDate "2016.10.25"]
[SourceQuality "1"]

1. e4 c5 2. Nf3 d6 3. d4 cxd4 4. Nxd4 Nf6 5. Nc3 g6 6. Be3 Bg7 7. f3 0-0 8. Qd2 Nc6 9. Bc4 Bd7 10. 0-0-0 Rc8 11. Bb3 Ne5 12. h4 h5 13. Bh6 Nc4 14. Bxc4 Rxc4 15. Bxg7 Kxg7 16. g4 hxg4 17. h5 Rh8 18. hxg6 fxg6 19. fxg4 Qc8 20. Nf5+ gxf5 21. Qg5+ Kf7 22. gxf5 Qg8 23. Qg6+ Qxg6 24. fxg6+ Kg7 25. Rhg1 Rhc8 26. e5 dxe5 27. Rd2 Bf5 28. Rh2 Rg4 29. Re1 e4 30. Nb5 Rc5 31. Nd4 Kxg6 32. c3 e5 33. Nc2 Nd5 34. Kd2 Rg3 35. Kc1 b5 36. Reh1 Kf6 37. Rh6+ Rg6 38. R6h2 a5 39. Rf1 Ke6 40. Rd2 e3 41. Rxd5 Rxd5 42. Nxe3 Bd3 43. Rd1 Rd6 44. a3 Rg3 45. Re1 e4 46. Nd1 Rf3 47. Rh1 Kd5 48. c4+ Kxc4 49. Nc3 b4 50. axb4 axb4 51. Nd1 Be2 52. b3+ Kxb3 53. Rg1 Rxd1+ 54. Rxd1 Bxd1 0-1

[Event "Figueres op 11th"]
[Site "Figueres"]
[Date "2010.08.17"]
[Round "8"]
[White "Altimira, Jordi"]
[Black "Saez Coma, Alejandro"]
[Result "1-0"]
[WhiteElo "1828"]
[BlackElo "1477"]
[PlyCount "55"]
[EventDate "2010.08.11"]
[EventType "swiss"]
[EventRounds "9"]
[EventCountry "ESP"]
[SourceTitle "CBM 137 Extra"]
[Source "ChessBase"]
[SourceDate "2010.09.01"]
[SourceVersion "1"]
[SourceVersionDate "2010.09.01"]
[SourceQuality "1"]

1. e4 c5 2. Nc3 d6 3. f4 a6 4. a4 e6 5. Nf3 Nf6 6. Bc4 Nc6 7. 0-0 Be7 8. Qe1 d5 9. exd5 Nxd5 10. d3 0-0 11. Qg3 b6 12. Ne4 f5 13. Nc3 Rf6 14. Ne5 Nxe5 15. fxe5 Rg6 16. Qf3 Bb7 17. Nxd5 exd5 18. Ba2 Kh8 19. Bf4 Ra7 20. Bg3 d4 21. Qxf5 Ra8 22. Rae1 Rg5 23. Qf7 h5 24. Rf5 Rxf5 25. Qxf5 g5 26. Qg6 Bd5 27. e6 Bf6 28. Bxd5 1-0

[Event "Figueres op 11th"]
[Site "Figueres"]
[Date "2010.08.15"]
[Round "6"]
[White "Altimira, Jordi"]
[Black "Cruanas Verdu, Joaquin"]
[Result "1-0"]
[WhiteElo "1828"]
[BlackElo "1554"]
[PlyCount "85"]
[EventDate "2010.08.11"]
[EventType "swiss"]
[EventRounds "9"]
[EventCountry "ESP"]
[SourceTitle "CBM 137 Extra"]
[Source "ChessBase"]
[SourceDate "2010.09.01"]
[SourceVersion "1"]
[SourceVersionDate "2010.09.01"]
[SourceQuality "1"]

1. e4 e5 2. Nf3 Nc6 3. Bb5 a6 4. Ba4 Nf6 5. d3 Bc5 6. c3 Ng4 7. 0-0 Ne7 8. h3 Nf6 9. Nxe5 0-0 10. d4 Bd6 11. Bc2 Ng6 12. Nxg6 fxg6 13. e5 Be7 14. exf6 Bxf6 15. Be3 Bg5 16. Nd2 d5 17. Bxg5 Qxg5 18. Nf3 Qh5 19. Nh2 Qg5 20. Qc1 Qh4 21. Qe3 Bd7 22. Qg3 Qh5 23. Rae1 Rf6 24. Re5 Bf5 25. Bxf5 gxf5 26. Qf3 Qg5 27. Qxd5+ Kh8 28. Rfe1 h5 29. Nf1 Kh7 30. Qxb7 Rg6 31. Qxa8 c6 32. Ng3 h4 33. Rxf5 Qd2 34. Rh5+ Rh6 35. Rxh6+ Kxh6 36. Qxc6+ g6 37. Qe4 Qg5 38. Qe3 Qxe3 39. Rxe3 a5 40. d5 a4 41. d6 a3 42. bxa3 Kg5 43. d7 1-0

[Event "Figueres op 11th"]
[Site "Figueres"]
[Date "2010.08.14"]
[Round "5"]
[White "Gallego Terris, Rafael"]
[Black "Altimira, Jordi"]
[Result "1-0"]
[WhiteElo "1951"]
[BlackElo "1828"]
[PlyCount "69"]
[EventDate "2010.08.11"]
[EventType "swiss"]
[EventRounds "9"]
[EventCountry "ESP"]
[SourceTitle "CBM 137 Extra"]
[Source "ChessBase"]
[SourceDate "2010.09.01"]
[SourceVersion "1"]
[SourceVersionDate "2010.09.01"]
[SourceQuality "1"]

1. e4 c5 2. Nc3 Nc6 3. g3 d6 4. Bg2 g6 5. d3 Bg7 6. Be3 e6 7. Qd2 Nge7 8. Bh6 Bxh6 9. Qxh6 Ng8 10. Qd2 Rb8 11. f4 e5 12. Nf3 Nge7 13. 0-0 h6 14. Nd5 Nxd5 15. exd5 Nd4 16. fxe5 Nxf3+ 17. Rxf3 dxe5 18. Re1 Qxd5 19. Rfe3 Qd6 20. Rxe5+ Be6 21. Qe3 Kd7 22. Qxc5 Qxc5+ 23. Rxc5 b6 24. Rce5 Rbc8 25. c4 Rc7 26. Bd5 Re8 27. b3 Kd6 28. d4 Ree7 29. Kf2 a5 30. R1e3 Bxd5 31. Rxd5+ Kc6 32. Rde5 Kd6 33. c5+ bxc5 34. dxc5+ Rxc5 35. Rxe7 1-0

[Event "Figueres op 11th"]
[Site "Figueres"]
[Date "2010.08.12"]
[Round "2"]
[White "Altimira, Jordi"]
[Black "Asensio Graells, Ricard"]
[Result "1-0"]
[WhiteElo "1828"]
[BlackElo "1489"]
[PlyCount "105"]
[EventDate "2010.08.11"]
[EventType "swiss"]
[EventRounds "9"]
[EventCountry "ESP"]
[SourceTitle "CBM 137 Extra"]
[Source "ChessBase"]
[SourceDate "2010.09.01"]
[SourceVersion "1"]
[SourceVersionDate "2010.09.01"]
[SourceQuality "1"]

1. e4 d5 2. exd5 Nf6 3. Bb5+ Bd7 4. Bc4 Bg4 5. f3 Bf5 6. Nc3 c6 7. dxc6 Nxc6 8. d3 Na5 9. Bb5+ Bd7 10. Bxd7+ Qxd7 11. Nge2 e6 12. Bg5 Nc6 13. Qd2 e5 14. a3 Nd5 15. 0-0 Bc5+ 16. Kh1 f6 17. Nxd5 fxg5 18. Nec3 h6 19. Rae1 0-0-0 20. b4 Bd4 21. b5 Ne7 22. Nxe7+ Qxe7 23. Nb1 Rhf8 24. c3 Bb6 25. Qc2 Qd6 26. Rd1 Bc7 27. g3 Rf7 28. a4 Qf8 29. Qe2 Bb6 30. Qe4 Rd6 31. Nd2 Rf5 32. Nc4 Rdf6 33. Nxb6+ axb6 34. Kg2 h5 35. h3 h4 36. g4 Rf4 37. Qe3 Rxa4 38. Ra1 Rxa1 39. Rxa1 Kc7 40. Qxe5+ Rd6 41. Ra4 Qf6 42. Re4 Qxe5 43. Rxe5 Rxd3 44. Rxg5 Rxc3 45. Rxg7+ Kc8 46. Rh7 Rc2+ 47. Kf1 Rc1+ 48. Ke2 Rb1 49. Rh5 Rb2+ 50. Kd3 Rb3+ 51. Ke4 Rb4+ 52. Kd5 Rxb5+ 53. Kd6 1-0

[Event "Figueres op 11th"]
[Site "Figueres"]
[Date "2010.08.11"]
[Round "1"]
[White "Vehi Bach, Victor Manuel"]
[Black "Altimira, Jordi"]
[Result "1-0"]
[WhiteElo "2405"]
[BlackElo "1828"]
[PlyCount "77"]
[EventDate "2010.08.11"]
[EventType "swiss"]
[EventRounds "9"]
[EventCountry "ESP"]
[SourceTitle "CBM 137 Extra"]
[Source "ChessBase"]
[SourceDate "2010.09.01"]
[SourceVersion "1"]
[SourceVersionDate "2010.09.01"]
[SourceQuality "1"]

1. e4 c5 2. Nf3 d6 3. d4 cxd4 4. Nxd4 Nf6 5. Nc3 a6 6. Be3 e6 7. Qd2 Be7 8. f3 Bd7 9. g4 h6 10. h4 Nc6 11. 0-0-0 Nxd4 12. Bxd4 Rc8 13. Qf2 Rc6 14. Bd3 e5 15. Be3 Bxg4 16. fxg4 Nxg4 17. Qg3 Nxe3 18. Qxe3 Bxh4 19. Kb1 Bg5 20. Qf3 Qf6 21. Qg2 Qd8 22. Nd5 g6 23. Rh3 h5 24. Rf1 Rf8 25. Rhf3 b5 26. Qf2 Qd7 27. Nb4 Bf4 28. Nxc6 Qxc6 29. Rxf4 exf4 30. Qxf4 Qc5 31. a3 Qe5 32. Qf2 Qc5 33. Qh4 Qe5 34. Rg1 Kd7 35. b4 Qc3 36. Ka2 Qe5 37. Qf2 Qe6+ 38. Kb1 Rc8 39. Qa7+ 1-0

[Event "Wuerttemberg-ch KT"]
[Site "Tuebingen"]
[Date "2007.09.02"]
[Round "9"]
[White "Reichel, Jonathan"]
[Black "Altimira, Jordi"]
[Result "1/2-1/2"]
[WhiteElo "1882"]
[BlackElo "1803"]
[PlyCount "75"]
[EventDate "2007.08.25"]
[EventType "swiss"]
[EventRounds "9"]
[EventCountry "GER"]
[SourceTitle "CBM 120 Extra"]
[Source "ChessBase"]
[SourceDate "2007.11.01"]
[SourceVersion "1"]
[SourceVersionDate "2007.11.01"]
[SourceQuality "1"]

1. d4 d5 2. c4 e6 3. Nc3 Nf6 4. Bg5 Be7 5. Nf3 Nbd7 6. e3 c6 7. Bd3 dxc4 8. Bxc4 b5 9. Bb3 a6 10. 0-0 0-0 11. Qe2 c5 12. Rfd1 c4 13. Bc2 Bb7 14. a3 Nd5 15. Bxe7 Qxe7 16. e4 Nxc3 17. bxc3 Rfd8 18. Re1 Nf6 19. Ne5 Rac8 20. Qe3 a5 21. Qg5 Nd5 22. Qg3 Nf6 23. Qh4 Nd5 24. Qh3 Nf6 25. Nf3 Nd7 26. e5 Nf8 27. Nd2 h6 28. Ne4 Bxe4 29. Rxe4 f5 30. exf6 Qxf6 31. Qg3 Rd7 32. Rf4 Qe7 33. Be4 b4 34. axb4 axb4 35. cxb4 Qxb4 36. Rc1 Rcd8 37. Qe3 e5 38. Rg4 1/2-1/2

[Event "Wuerttemberg-ch KT"]
[Site "Tuebingen"]
[Date "2007.08.28"]
[Round "4"]
[White "Altimira, Jordi"]
[Black "Birkholz, Axel"]
[Result "1/2-1/2"]
[WhiteElo "1803"]
[BlackElo "2008"]
[PlyCount "43"]
[EventDate "2007.08.25"]
[EventType "swiss"]
[EventRounds "9"]
[EventCountry "GER"]
[SourceTitle "CBM 120 Extra"]
[Source "ChessBase"]
[SourceDate "2007.11.01"]
[SourceVersion "1"]
[SourceVersionDate "2007.11.01"]
[SourceQuality "1"]

1. e4 c5 2. Nf3 Nc6 3. d4 cxd4 4. Nxd4 Nf6 5. Nc3 d6 6. Bg5 e6 7. Qd2 a6 8. 0-0-0 h6 9. Bxf6 gxf6 10. f4 h5 11. Kb1 Bd7 12. Be2 Rc8 13. Rhe1 Qc7 14. Nxc6 Bxc6 15. Bf3 Be7 16. f5 e5 17. Qe2 h4 18. Nd5 Bxd5 19. Rxd5 Qc4 20. Qd2 Rc5 21. Be2 Rxd5 22. Qxd5 1/2-1/2